| 000 | 00445nam a2200145Ia 4500 | ||
|---|---|---|---|
| 008 | 231129s2007||||xx |||||||||||||| ||spa|| | ||
| 020 | _a958-98173-0-0 | ||
| 040 | _bspa | ||
| 082 | _a612.397 S572h | ||
| 100 | _aSierra A. Iván Darío | ||
| 245 | 0 | _aHacia el manejo práctico de las dislipidemias | |
| 260 | _c2007 | ||
| 264 | _aBogotá Colombia : Universidad Nacional de Colombia | ||
| 942 |
_2ddc _cBKS |
||
| 999 |
_c14863 _d14863 |
||